000 00208 a2200097 4500
001 46771
100 _aMontgomery R
245 _aKent Barstow
260 _aNew York
_bDuell Sloan
_c
090 _c29865
_d29865
942 _aNUST-CAE
_cM
_c22074
999 _c281844
_d281844